Grande canzone (La)-Lp Tnl1 3034 (Record n. 99700)

Dettagli MARC
000 -LEADER
fixed length control field 03116njm a2200481Ia 4500
001 - CONTROL NUMBER
control field 23855
003 - CONTROL NUMBER IDENTIFIER
control field IT-RoPAU
005 - DATE AND TIME OF LATEST TRANSACTION
control field 20220918181120.0
008 - FIXED-LENGTH DATA ELEMENTS--GENERAL INFORMATION
fixed length control field 131025s9999 xx 000 0 und d
040 ## - CATALOGING SOURCE
Original cataloging agency IT-RoPAU
040 ## - CATALOGING SOURCE
Transcribing agency IT-RoPAU
041 ## - LANGUAGE CODE
Language code of text/sound track or separate title ITALIANO
999 ## - SYSTEM CONTROL NUMBERS (KOHA)
Koha Dewey Subclass [OBSOLETE] n.d.
100 ## - MAIN ENTRY--PERSONAL NAME
Personal name AA.VV.
9 (RLIN) 794
100 ## - MAIN ENTRY--PERSONAL NAME
Relator term Autore musica
9 (RLIN) 6647
100 ## - MAIN ENTRY--PERSONAL NAME
Miscellaneous information Codice autore musica SPICS: 12000
9 (RLIN) 796
245 ## - TITLE STATEMENT
Title Grande canzone (La)-Lp Tnl1 3034
250 ## - EDITION STATEMENT
Edition statement 1a ed.
260 ## - PUBLICATION, DISTRIBUTION, ETC. (IMPRINT)
Place of publication, distribution, etc. ROMA
260 ## - PUBLICATION, DISTRIBUTION, ETC. (IMPRINT)
Name of publisher, distributor, etc. RCA (RADIO CORP. AMERICA)
Date of publication, distribution, etc. 1976 [1a Ed.:1976]
300 ## - PHYSICAL DESCRIPTION
Extent DISCO
300 ## - PHYSICAL DESCRIPTION
Dimensions 34 minuti (Testo: pag.)
500 ## - GENERAL NOTE
General note Canzone italiana. Romanza dell'ottocento. Alcune canzoni raccolte in questo disco sono legate al film.
505 ## - FORMATTED CONTENTS NOTE
Formatted contents note Creola [(Bechi Gino) (3:00)] - Torna piccina [(Bergonzi Carlo) (4:00)] - La spagnola [Tagliavini Ferruccio) (3:00)] - Mamma [(Bechi Gino) (3:00) - Vivere [(Bergonzi Carlo) (3:00)] - Non ti scordar di me [(Tagliavini Ferruccio) (4:00)] - Il tango delle capinere [(Bechi Gino) (3:00)] - Incantesimo [(Bergonzi Carlo) (3:00)] - La canzone dell'amore [(Tagliavini Ferruccio) (3:00)] - Terra straniera [(Bechi Gino) (3:00)] - Lasciami cantare una canzone [(Bergonzi Carlo) (3:00)] - Parlami d'amore Mariù [(Tagliavini Ferruccio) (3:00)]
511 ## - PARTICIPANT OR PERFORMER NOTE
Participant or performer note Gino Bechi Angel "Pocho" Gatti e la sua grande orchestra
511 ## - PARTICIPANT OR PERFORMER NOTE
Participant or performer note Roberto Negri e la sua grande orchestra
511 ## - PARTICIPANT OR PERFORMER NOTE
Participant or performer note Carlo Savina e la sua grande orchestra
511 ## - PARTICIPANT OR PERFORMER NOTE
Participant or performer note Ennio Morricone e la sua 0rchestra
650 ## - SUBJECT ADDED ENTRY--TOPICAL TERM
Topical term or geographic name as entry element CANZONE ITALIAN [DISCHI]
Relator term Codice MATERIA SPICS: 9950
9 (RLIN) 6648
700 ## - ADDED ENTRY--PERSONAL NAME
Personal name Ripp
Dates associated with a name Codice autore testo/musica SPICS: 13436
Relator term Autore testo/musica
Name of part/section of a work Creola
9 (RLIN) 6649
700 ## - ADDED ENTRY--PERSONAL NAME
Personal name Bixio Cesare Andrea
Dates associated with a name Codice autore testo/musica SPICS: 13441
Relator term Autore testo/musica
Name of part/section of a work Torna piccina - Mamma - Vivere - Il tango delle capinere - La canzone dell'amore - Lasciami cantare una canzone - Parlami d'amore Mariù
9 (RLIN) 6650
700 ## - ADDED ENTRY--PERSONAL NAME
Personal name Di Chiara Vincenzo
Dates associated with a name Codice autore testo/musica SPICS: 13434
Relator term Autore testo/musica
Name of part/section of a work La spagnola
9 (RLIN) 6651
700 ## - ADDED ENTRY--PERSONAL NAME
Personal name Cherubini Bixio
Dates associated with a name Codice autore testo/musica SPICS: 13442
Relator term Autore testo/musica
Name of part/section of a work Mamma - Il tango delle capinere - La canzone dell'amore
9 (RLIN) 6652
700 ## - ADDED ENTRY--PERSONAL NAME
Personal name Furnò Domenico
Dates associated with a name Codice autore musica SPICS: 13476
Relator term Autore musica
Name of part/section of a work Non ti scordar di me
9 (RLIN) 6653
700 ## - ADDED ENTRY--PERSONAL NAME
Personal name De Curtis Ernesto
Dates associated with a name Codice autore testo/musica SPICS: 13475
Relator term Autore testo/musica
Name of part/section of a work Non ti scordar di me
9 (RLIN) 6654
700 ## - ADDED ENTRY--PERSONAL NAME
Personal name Olivieri Dino
Dates associated with a name Codice autore musica SPICS: 13481
Relator term Autore musica
Name of part/section of a work Incantesimo
9 (RLIN) 6655
700 ## - ADDED ENTRY--PERSONAL NAME
Personal name Deani
Dates associated with a name Codice autore testo/musica SPICS: 15660
Relator term Autore testo/musica
Name of part/section of a work Incantesimo
9 (RLIN) 6656
700 ## - ADDED ENTRY--PERSONAL NAME
Personal name Marletta
Dates associated with a name Codice autore musica SPICS: 15757
Relator term Autore musica
Name of part/section of a work Terra straniera
9 (RLIN) 6657
700 ## - ADDED ENTRY--PERSONAL NAME
Personal name Liberati
Dates associated with a name Codice autore testo/musica SPICS: 22677
Relator term Autore testo/musica
Name of part/section of a work Terra straniera
9 (RLIN) 6658
700 ## - ADDED ENTRY--PERSONAL NAME
Personal name Cozzoli Michele
Dates associated with a name Codice autore testo/musica SPICS: 13648
Relator term Autore testo/musica
Name of part/section of a work Lasciami cantare una canzone
9 (RLIN) 6659
700 ## - ADDED ENTRY--PERSONAL NAME
Personal name Neri Ennio
Dates associated with a name Codice autore testo/musica SPICS: 13457
Relator term Autore testo/musica
Name of part/section of a work Parlami d'amore Mariù
9 (RLIN) 6660
942 ## - ADDED ENTRY ELEMENTS (KOHA)
Koha item type DISCHI
Source of classification or shelving scheme Dewey Decimal Classification
Dati di copia
Withdrawn status Lost status Damaged status Not for loan Home library Current library Date acquired Total Checkouts Full call number Date last seen Price effective from Koha item type Public note
    Buone Condizioni Not For Loan SPICS-MEDIATECA SPICS-MEDIATECA 25/10/2013   23855 25/10/2013 25/10/2013 DISCHI Progr. Ins.: 4702 / N.Vol.: 1 / Copie: 1 - Copia rara: n.d. / date import: 01.01.2014 - By Epidotti, Trombetti, Vaglietti
CREDITS: SOCIETA' SAN PAOLO Via A.Severo, 58 - ROMA (RM) & PERIODICI SAN PAOLO SRL Via Giotto, 36 MILANO & CISF Via Giotto, 36 MILANO & EDIZIONI SAN PAOLO SRL,  Piazza Soncino, 5 CINISELLO BALSAMO (MI) -- ITALY